Ведомости о количестве свидетельств, аттестатов и дипломов, выданных в 1897-1901 годах по учебным заведениям Харьковского учебно...

Доступно только в Электронных читальных залах Найти на картеНа карте
RUSMARC
00003620nmc2a22002413x 450
0014109e2d8-6a74-4726-9f00-5153b18fa014
00520230901045336.0
100##$a20230112l18971902k l0rusy0189 ca
1010#$arus
102##$aRU
105##$ay###
1222#$ad
2001#$aВедомости о количестве свидетельств, аттестатов и дипломов, выданных в 1897-1901 годах по учебным заведениям Харьковского учебного округа
$j1897 г. - 25 ноября 1902 г.
215##$a124 л.
$d36,5х26 см
251##$cДело
300##$aДело
371##$aДокумент не является опубликованным и широко распространяемым
461#0$1001a74412a3-3cc5-4d21-8f0a-dfe2fbd9e72d
$12001
$aДепартамент народного просвещения Министерства народного просвещения (1803-1917)
$1251
$cФонд
$1852
$j733
462#0$1001eee5cd01-9790-469a-9945-6bffddbc7761
$12001
$aРазряд общих дел
$1251
$cОпись
$1852
$j228
801#0$aRU
$bРГИА
$c20230112
$gRCR
801#1$aRU
$bГлавНИВЦ
$c20230112
$2rusmarc
801#2$aRU
$bПБ им. Б.Н. Ельцина
$c20230901
$gRCR
$2rusmarc
850##$aРГИА
852##$aРГИА
$eФедеральное казенное учреждение "Российский государственный исторический архив" (РГИА)
$j53
937##$hРГИА
$d12396484
$aASBIBLIO_SCAN
035##$aRusGRCC00059122
856##$uhttp://readingroom.main.prlib.ru/item.aspx?id_node=n187314733&mode=full
Формат отображения